000 00518nam a2200181Ia 4500
005 20250508152357.0
008 008 250505s9999 xx 000 0 eng d
037 _aTextual
040 _aFEDL
_beng
_cFEDL
041 _aeng
_2eng
084 _a364.2, MCC
_qFEDL
100 _aMcCann Richard V.
_9761316
245 0 _aDelinquency : Sickness or sin?
260 _aNew York, USA
_bHarper and Brothers Publishers
_c1957
300 _axii,179p.
942 _cTEXL
_h364.2, MCC
999 _c1336035
_d1336035